000
00252nam a2200097Ia 4500
082
_a
AF BERG
245
0
_a
n Hart ontsluit
100
_a
BERGH, Rene Swellendam, 2005 1ste uitg
_9
16684
942
_c
BK
008
210817s9999 xx 000 0 und d
999
_c
81033
_d
81032